00877 2200253 4500001002100000005001700021008004100038035002400079082001400103090002500117100002600142245016700168260003400335300003800369500007000407500002800477650003100505700001800536700002000554850001500574980001300589985000600602999001500608YOGYA-0209000003961620090227025507.0 ind  0010-020900000039616 a658.503 6 a658.503 6bLak KlSK aLAKSONO, Sandhi Budhi aKomputerisasi administrasi penjualan pesanan pada PD Anindya Unit Percetakan Negeri Daerah Istimewa YogyakartacSandhi Budhi Laksono, Achmad Irfan, Eny Suprihatin aYogyakartab[s.n.]c1993/1994 axi, 134, [89] lembarbilusc30 cm aMakalah Pusat Pendidikan Komputer dan Akuntansi "IMCA" Yogyakarta aBibliografi : lembar 35 aManajemen informasi produk aIrfan, Akhmad aSuprihatin, Eny aYOPDYOG(B) a31-01-08 a1 a07A0027939